Pentecostés 2000
Uloženo v:
| Hlavní autor: | |
|---|---|
| Médium: | Kniha |
| Jazyk: | španělština |
| Vydáno: |
Valparaíso
Universitarias de Valparaíso
2002
|
| Vydání: | 2a. ed |
| Témata: | |
| Tagy: |
Přidat tag
Žádné tagy, Buďte první, kdo vytvoří štítek k tomuto záznamu!
|
MARC
| LEADER | 00000nam a2200000 a 4500 | ||
|---|---|---|---|
| 001 | UCL5877 | ||
| 003 | CL-VaPUC | ||
| 008 | 040319e20020000CL |||||||||||||||||spa|d | ||
| 020 | |a 9561703084 | ||
| 082 | 0 | 4 | |a 263.94 |b ORE |2 21 |
| 100 | |a Orellana Rodríguez, Reinaldo |e autor |9 514149 | ||
| 245 | 1 | 0 | |a Pentecostés 2000 |
| 250 | |a 2a. ed | ||
| 300 | |a 23 h | ||
| 942 | |c BK | ||
| 945 | |d 20040319 00:00:00 |a cmena | ||
| 260 | |a Valparaíso |b Universitarias de Valparaíso |c 2002 | ||
| 650 | 0 | |a Fiestas religiosas |9 349319 | |
| 650 | 7 | |a PRACTICA RELIGIOSA |2 CL-VaPUC |9 483625 | |
| 650 | 0 | |a Costumbres y tradiciones |9 268292 | |
| 583 | |a last modification |c 20040319 00:00:00 |k Rodrigo Vera | ||
| 999 | |c 308257 |d 308255 | ||
| 952 | |0 0 |1 0 |4 0 |6 263_940000000000000_ORE_2002 |7 0 |8 A |9 374604 |a BIBTEO |b BIBTEO |d 2019-11-21 |i 3996522 |o 263.94 ORE 2002 |p 3996522 |r 2019-11-21 |w 2019-11-21 |y BK |k ICR | ||